Manual moderno de computación : (Registro nro. 12962)

Detalles MARC
000 -LIDER
fixed length control field 00644nam a22001937a 4500
003 - IDENTIFICACDOR DE NÚMERO DE CONTROL
control field DO-SdBNP
005 - DATE AND TIME OF LATEST TRANSACTION
control field 20171129150827.0
008 - ELEMENTOS DE LONGITUD FIJA
fixed length control field 171120b 1992 mx||| 00| 0 spa d
020 ## - ISBN
International Standard Book Number 9688802670 (Obra completa)
040 ## - FUENTE DE CATALOGACIÓN
Agencia que crea de manera original el registro BPMSU
Idioma de catalogación spa
Agencia que realiza la transcripción BPMSU
100 ## - ASIENTO PRINCIPAL -- NOMBRE PERSONAL
Nombre personal Curtin , Dennis P,
245 1# - MENCIÓN DE TITULO
Título Manual moderno de computación :
Subtítulo lotus 1-2-3
Mención de responsabilidad Dennis P. Curtin ; traducción Edmundo Gerardo Urbina Medal
260 ## - PUBLICACIÓN, DISTRIBUCIÓN, ETC. (PIE DE IMPRENTA)
Lugar de publicación, distribución, etc México :
Nombre del editor, distribuidor, etc. Prentice-Hall Hispanoamericana,
Fecha de publicación, distribución, etc 1992.
300 ## - DESCRIPCIÓN FÍSICA
Extensión 243 p.
Otros detalles físicos cuadros
Dimensiones 28 cm
700 1# - ASIENTO SECUNDARIO -- NOMBRE PERSONAL
Nombre personal Urbina Medal, Edmundo Gerardo,
Mención de responsabilidad tr.
942 ## - ADDED ENTRY ELEMENTS (KOHA)
Source of classification or shelving scheme Dewey Decimal Classification
Koha item type Libros
945 ## - INFORMACIÓN DE PROCESAMIENTO LOCAL
Información de procesamiento local Inventariado extranjero / 2017 BT
956 ## - LOCAL ELECTRONIC LOCATION AND ACCESS (OCLC)
Nombre de host dgarcia
Existencias
Withdrawn status Lost status Source of classification or shelving scheme Damaged status Not for loan Collection code Home library Current library Date acquired Source of acquisition Total Checkouts Barcode Date last seen Copy number Price effective from Koha item type
    Dewey Decimal Classification     Colección General Biblioteca Pública Metropolitana Salomé Ureña Biblioteca Pública Metropolitana Salomé Ureña 11/20/2017 Rafael E. de la Cruz   BPMSU17110271 11/20/2017 v. 2 11/20/2017 Libros
    Dewey Decimal Classification     Colección General Biblioteca Pública Metropolitana Salomé Ureña Biblioteca Pública Metropolitana Salomé Ureña 11/20/2017 Rafael E. de la Cruz   BPMSU17110272 11/20/2017 v. 3 11/20/2017 Libros